书目信息 |
| 题名: |
电厂液压设备维修技术
|
|
| 作者: | 刘钊 , 黄志坚 , 朱林忠 编著 | |
| 分册: | ||
| 出版信息: | 北京 中国电力出版社 2007.03 |
|
| 页数: | 242页 | |
| 开本: | 26cm | |
| 丛书名: | ||
| 单 册: | ||
| 中图分类: | TM62 | |
| 科图分类: | ||
| 主题词: | 发电厂--fa dian chang--液压系统--维修 | |
| 电子资源: | ||
| ISBN: | 978-7-5083-5000-4 | |
| 000 | 00950nam0 2200265 450 | |
| 001 | 012008797437 | |
| 005 | 20080509162215.85 | |
| 010 | @a978-7-5083-5000-4@dCNY25.00 | |
| 100 | @a20080509d2007 em y0chiy0120 ea | |
| 101 | 0 | @achi |
| 102 | @aCN@b110000 | |
| 105 | @aak a 000yy | |
| 106 | @ar | |
| 200 | 1 | @a电厂液压设备维修技术@Adian chang ye ya she bei wei xiu ji shu@f刘钊, 黄志坚, 朱林忠等编著@Fliu zhao,huang zhi jian,zhu lin zhong deng bian zhu |
| 210 | @a北京@c中国电力出版社@d2007.03 | |
| 215 | @a242页@c图@d26cm | |
| 320 | @a有书目 (第241-242页) | |
| 330 | @a本书系统地总结了电厂液压设备使用维修经验,并从中提炼出具有指导意义的专业技术理论与方法,具有重大实用价值。 | |
| 606 | 0 | @a发电厂@Afa dian chang@x液压系统@x维修 |
| 690 | @aTM62@v4 | |
| 701 | 0 | @a刘钊@Aliu zhao@4编著 |
| 701 | 0 | @a黄志坚@Ahuang zhi jian@4编著 |
| 701 | 0 | @a朱林忠@Azhu lin zhong@4编著 |
| 801 | 0 | @aCN@bQSSK@c20080509 |
| 905 | @b708987-89@dTM62@eL736@f3 | |
| 电厂液压设备维修技术/刘钊, 黄志坚, 朱林忠等编著.-北京:中国电力出版社,2007.03 |
| 242页:图;26cm |
| ISBN 978-7-5083-5000-4:CNY25.00 |
| 本书系统地总结了电厂液压设备使用维修经验,并从中提炼出具有指导意义的专业技术理论与方法,具有重大实用价值。 |
| ● |
| 相关链接 |
|
|
|
正题名:电厂液压设备维修技术
索取号:TM62/L736
 
预约/预借
| 序号 | 登录号 | 条形码 | 馆藏地/架位号 | 状态 | 备注 |
| 1 | 708987 | 207089871 | 自科库301/301自科库 14排4列5层/ [索取号:TM62/L736] | 在馆 | |
| 2 | 708988 | 207089880 | 自科二线400A/400A自科库 1排2列2层/ [索取号:TM62/L736] | 在馆 | |
| 3 | 708989 | 207089899 | 期刊室512/301自科库 10排2列5层/ [索取号:TM62/L736] | 在馆 |